Poklad /

Hlavní autor: Reichs, Kathy, 1950-
Další autoři: Reichs, Brendan
Jazyk: Čeština
Vydáno: Praha : BB/art, 2012
Vydání: 1. vyd. v českém jazyce
Témata:
Fyzický popis: 299 s. ; 21 cm
Knihy
Uloženo v:
LEADER 01466cam a2200433 a 4500
001 nkc20122405880
003 CZ PrNK
005 20130218154559.0
007 ta
008 121029s2012 xr d 000 f cze d
015 |a cnb002405880 
020 |a 978-80-7461-234-3  |q (váz.) 
035 |a (OCoLC)829660984 
040 |a KLG001  |b cze  |d BOA001 
041 1 |a cze  |h eng 
072 7 |a 821.111(73)-3  |x Americká próza  |2 Konspekt  |9 25 
072 7 |a 821-93  |x Literatura pro děti a mládež (beletrie)  |2 Konspekt  |9 26 
080 |a 821.111(73)-31  |2 MRF 
080 |a 821-93  |2 MRF 
080 |a (0:82-312.4)  |2 MRF 
100 1 |a Reichs, Kathy,  |d 1950-  |7 xx0011950  |4 aut 
245 1 0 |a Poklad /  |c Kathy Reichs & Brendan Reichs ; přeložila Kristýna Kučerová 
250 |a 1. vyd. v českém jazyce 
260 |a Praha :  |b BB/art,  |c 2012 
300 |a 299 s. ;  |c 21 cm 
500 |a Přeloženo z angličtiny 
655 7 |a americké romány  |7 fd131796  |2 czenas 
655 7 |a detektivní romány  |7 fd132010  |2 czenas 
655 7 |a publikace pro mládež  |7 fd133157  |2 czenas 
655 9 |a American fiction  |2 eczenas 
655 9 |a detective novels  |2 eczenas 
655 9 |a juvenile literature  |2 eczenas 
700 1 |a Reichs, Brendan  |7 osa2012729612  |4 aut 
765 0 |t Seizure  |9 Česky 
910 2 |a BOA001  |b 2-1297.568 
990 |a BK 
995 |a 01 
991 |b 201301  |e b 
996 6 |b 2610536152  |c 2-1297.568  |l MZK  |r Sklad / do 1 hodiny  |n 1  |p p.v.  |w 001309081  |u 000010  |a 1  |e BOA001  |j MZK50  |s P